000 00989nam a22003017a 4500
003 CHAP
005 20220329135121.0
008 971013s1947 r 00010 d
010 _a31189
011 _a32161
035 _a36274
040 _cCHAP
082 _a631.47726
_bM3
100 0 0 _aMárquez León, Alfonso.
_976325
245 _aReconocimiento agrológico de la margen derecha del río La Antigua, Ver.
260 _aMéxico, D.F. :
_bSecretaría de Recursos Hidráulicos,
_c1947
300 _a13 h.
_b; anexos
590 _aBATCH-UPD
_b10
_c20130110
_lUCH01
_h1324
590 _aBATCH-UPD
_b10
_c20130410
_lUCH01
_h0832
590 _aBATCH-UPD
_b10
_c20130914
_lUCH01
_h1208
590 _aCONVERSION
_b10
_c20130109
_lUCH01
_h1318
650 1 4 _aDistrito de Riego La Antigua, Ver.
_932895
650 1 4 _aRío La Antigua, Ver.
_999118
650 1 4 _aSuelos
_zVeracruz.
_9110530
901 _aBK
942 _cLIBRO
949 _a631.47726 M3
_bBC
_cLIBRO
_d-83691
_eLIBRO
_h42291
_i36274
_si
999 _c31189
_d31189